<?xml version="1.0" encoding="UTF-8"?>
<record
    xmlns:xsi="http://www.w3.org/2001/XMLSchema-instance"
    xsi:schemaLocation="http://www.loc.gov/MARC21/slim http://www.loc.gov/standards/marcxml/schema/MARC21slim.xsd"
    xmlns="http://www.loc.gov/MARC21/slim">

  <leader>00369    a2200145   4500</leader>
  <controlfield tag="005">20250128111208.0</controlfield>
  <controlfield tag="008">250128b        |||||||| |||| 00| 0 eng d</controlfield>
  <datafield tag="020" ind1=" " ind2=" ">
    <subfield code="a">9781915722201</subfield>
  </datafield>
  <datafield tag="082" ind1=" " ind2=" ">
    <subfield code="a">352.7/GOC</subfield>
  </datafield>
  <datafield tag="100" ind1=" " ind2=" ">
    <subfield code="a">Gockmann D B</subfield>
    <subfield code="9">211150</subfield>
  </datafield>
  <datafield tag="245" ind1=" " ind2=" ">
    <subfield code="a">RIBA Principal Designers Guide</subfield>
  </datafield>
  <datafield tag="260" ind1=" " ind2=" ">
    <subfield code="b">Riba Publishing</subfield>
    <subfield code="c">2024</subfield>
    <subfield code="a">London</subfield>
  </datafield>
  <datafield tag="300" ind1=" " ind2=" ">
    <subfield code="a">115p</subfield>
    <subfield code="b">PB</subfield>
  </datafield>
  <datafield tag="942" ind1=" " ind2=" ">
    <subfield code="c">BK</subfield>
  </datafield>
  <datafield tag="999" ind1=" " ind2=" ">
    <subfield code="c">364880</subfield>
    <subfield code="d">364880</subfield>
  </datafield>
  <datafield tag="952" ind1=" " ind2=" ">
    <subfield code="0">0</subfield>
    <subfield code="1">0</subfield>
    <subfield code="2">ddc</subfield>
    <subfield code="4">0</subfield>
    <subfield code="7">0</subfield>
    <subfield code="8">Book of B Arch</subfield>
    <subfield code="a">BNCA</subfield>
    <subfield code="b">BNCA</subfield>
    <subfield code="d">2025-01-27</subfield>
    <subfield code="e">179</subfield>
    <subfield code="g">2051.72</subfield>
    <subfield code="l">1</subfield>
    <subfield code="o">352.7/GOC</subfield>
    <subfield code="p">BNCA-BK-13012</subfield>
    <subfield code="r">2025-03-06 00:00:00</subfield>
    <subfield code="s">2025-02-04</subfield>
    <subfield code="v">3256.70</subfield>
    <subfield code="w">2024-12-31</subfield>
    <subfield code="y">RF</subfield>
  </datafield>
</record>
